| 000 | 00471nam a2200157 i 4500 | ||
|---|---|---|---|
| 001 | 55052 | ||
| 003 | ES-MaACL | ||
| 005 | 20230906163055.0 | ||
| 007 | t| | ||
| 008 | 030911s1971 sp ||||1| spa d | ||
| 100 | 1 |
_aDelgado, Juan. _943415 |
|
| 245 | 1 | 0 |
_aUbiña _b: Alta montaña / _cJuan Delgado. |
| 260 |
_a[S.l. : _bs.n., _c1971] ( _eGijón : _fImp. La Industria) |
||
| 300 |
_a157 p., 19 lám., 3 map. pleg. : _bil. ; _c23 cm. |
||
| 852 |
_aES-MaACL _jC-44504 _bR.78807 |
||
| 999 |
_c55052 _d55052 |
||